00585nam a2200229Ia 4500008004100000020001600041100002000057245003400077245003200111260001500143260002000158260000900178300002700187300002700214300001000241650001600251650001700267650001900284650002200303650002200325700000800347160803s9999 xx 000 0 und d a0 43946806X aAuch, Mary Jane 4aThe princess and the pizza /  cby Mary Jane and Herm Auch. aNew York : bScholastic Inc. c2002 a30 unnumbered pages :  bcolor illustrations ;  c28 cm aCooking --  aFairy tales. aPrincesses --  xJuvenile fiction. xJuvenile fiction. a540